000
00264nam a22001097a 4500
008
170124b xxu||||| |||| 00| 0 eng d
020
_a
9780838570630
041
_a
eng
080
_a
618.2
245
_a
COMPREHENDING THE NURSING PROCESS
_c
ALLEN, C.V
942
_2
udc
_c
BK
999
_c
3475
_d
3475